| 000 | 01263nam a2200301 i 4500 | ||
|---|---|---|---|
| 001 | 9613 | ||
| 003 | ES-MaACL | ||
| 005 | 20230906145724.0 | ||
| 007 | t| | ||
| 008 | 931111s1992 ne ||||1| eng d | ||
| 020 | _a0-444-81172-9 | ||
| 080 | _a617-089.844(061.3) | ||
| 111 | 2 |
_aInternational Confederation for Plastic and Reconstructive Surgery. Congress ( _n10º. _d1992. _cMadrid) _9759 |
|
| 245 | 1 | 0 |
_aPlastic surgery 1992 _b: proceedings of the X Congress of the International Confederation for Plastic and Reconstructive Surgery, Madrid, Spain, 28 June-3 July 1992 / _ceditor, U. T. Hinderer ; co-editors, B. Vilar-Sancho, J. Quetglas Moll. |
| 260 |
_aAmsterdam [etc.] : _bExcerpta Medica, _c1992. |
||
| 300 |
_a3 v. : _bil. ; _c25 cm. |
||
| 490 | 1 |
_aInternational congress series ; _v935-37 |
|
| 500 | _aIndices. | ||
| 500 | _aBibliografía. | ||
| 505 | 8 | _aV. 1. Lectures and panels -- V. 2. Free papers -- V. 3. Abstracts | |
| 650 | 1 | 4 |
_aCirugía plástica- _xCongresos y asambleas. _911059 |
| 700 | 1 |
_aHinderer, U.T. _963752 |
|
| 700 | 1 |
_aVilar-Sancho, B. _9114809 |
|
| 700 | 1 |
_aQuetglas Moll, J. _994588 |
|
| 830 | 0 |
_aInternational congress series ; _v935-37 _9228047 |
|
| 852 |
_aES-MaACL _jL-17131-33 _bR.121326 |
||
| 999 |
_c9613 _d9613 |
||